Agónia vydieračského štátu

Bibliographic Details
Main Author: Ryabčuk, Mykola (Author)
Format: Article
Language:Slovak
PhysicalDescription:Fotogr.
ISSN:1335-9959
Subjects:

MARC

LEADER 00000nab a2200000 ar4500
001 vtls008409535
003 SK-MaSNL
005 20260304051610.0
008 051114c2005 xo mr|p|||||||000 b|slo
015 |a SNBRB2005/11  |2 snkbucl 
038 |a SNKBUCL 
040 |a SNKBUCL  |b slo  |c SNKBUCL  |e AACR2 
041 0 |a slo 
044 |a xo  |c SK 
080 |a 323  |x (477)  |2 1981 
100 1 |a Ryabčuk, Mykola  |4 aut  |9 1333899 
245 1 0 |a Agónia vydieračského štátu  |c Mykola Ryabčuk 
300 |b Fotogr. 
650 0 7 |a vnútorná politika  |2 snkbucl  |9 970 
651 7 |a Ukrajina  |2 snkbucl  |9 168045 
773 0 |t Dimenzie  |g Roč. 5., č. 1 (2005), s. 22-24  |x 1335-9959 
852 |a SNK  |b KIS3GCP 
958 |a UA 
999 |c 2704102  |d 2706032